[Event "X Open Alto Sangro A"]
[Site "Castel di Sangro ITA"]
[Date "2010.12.03"]
[Round "1"]
[White "Franciosi, Claudio"]
[Black "Grasso, Nino"]
[Result "0-1"]
[WhiteElo "1686"]
[BlackElo "1969"]
[PlyCount "145"]
[EventDate "2010.12.03"]

1. e4 e5 2. Nf3 Nc6 3. Bb5 a6 4. Ba4 Nf6 5. O-O Be7 6. Re1 b5 7. Bb3 O-O 8. c3
d5 9. exd5 Nxd5 10. Bc2 Bb7 11. d3 Bd6 12. Nbd2 f5 13. Bb3 Na5 14. c4 bxc4 15.
dxc4 Nf4 16. c5+ Nxb3 17. Nxb3 Nxg2 18. Kxg2 Qh4 19. h3 Rf6 20. Rh1 Rg6+ 21.
Kf1 Qh5 22. Nbd2 Bd5 23. cxd6 e4 24. dxc7 exf3 25. Nxf3 Rd6 26. Qc2 Rc6 27. Qd2
Qxf3 28. Rh2 Rxc7 29. b3 Rac8 30. Ba3 Rd8 31. Qe2 Qc3 32. Bb2 Qc6 33. Re1 Rcd7
34. f4 Be4 35. Qc4+ Qxc4+ 36. bxc4 Bd3+ 37. Kg1 Bxc4 38. Be5 Rd3 39. Rg2 g6 40.
Bf6 R8d6 41. Be7 R6d4 42. Rf2 Rxh3 43. Bc5 Rd8 44. a3 Rg3+ 45. Kh2 Rgd3 46. Kg1
Bd5 47. Bb4 Be4 48. Rc1 h5 49. Be7 R8d7 50. Rc8+ Kf7 51. Bb4 Rd1+ 52. Rf1 R1d3
53. Rf8+ Kg7 54. Rc8 h4 55. Rc3 Rd2 56. Rf2 Rd1+ 57. Rf1 Kh6 58. Rc1 R1d3 59.
Kh2 Kh5 60. Rg1 Rd8 61. Rg5+ Kh6 62. Rcg1 Rg8 63. Be7 h3 64. R5g3 Rxg3 65. Rxg3
Bg2 66. Rb3 Re8 67. Bf6 Kh5 68. Rb7 Kg4 69. Rb3 Re2 70. Rg3+ Kh5 71. Kg1 Re1+
72. Kf2 Rf1+ 73. Ke2 0-1

[Event "X Open Alto Sangro A"]
[Site "Castel di Sangro ITA"]
[Date "2010.12.03"]
[Round "1"]
[White "Lamberti, Valerio"]
[Black "Franciosi, Fausto"]
[Result "0-1"]
[WhiteElo "1760"]
[BlackElo "2017"]
[PlyCount "98"]
[EventDate "2010.12.03"]

1. e4 e5 2. Nf3 Nc6 3. Bc4 Bc5 4. c3 Nf6 5. d4 exd4 6. cxd4 Bb4+ 7. Bd2 Bxd2+
8. Nbxd2 d5 9. exd5 Nxd5 10. Qb3 Na5 11. Qa4+ Nc6 12. Qb3 Nce7 13. O-O O-O 14.
Rfe1 c6 15. a4 a5 16. Ne5 Qb6 17. Ndf3 Qxb3 18. Bxb3 h6 19. Nc4 Be6 20. Nd6
Rab8 21. Rac1 Rfd8 22. Nc4 Ra8 23. Ne3 Nf4 24. Bxe6 Nxe6 25. Rcd1 Nd5 26. Nxd5
Rxd5 27. Re5 Rd6 28. g3 Kf8 29. Rd2 Rad8 30. Rxa5 Nxd4 31. Rxd4 Rxd4 32. Nxd4
Rxd4 33. Rc5 Rxa4 34. Re5 Rd4 35. Re2 Rd6 36. Kg2 Re6 37. Rc2 Ke7 38. Kf3 Kd6
39. b4 b6 40. Rd2+ Kc7 41. Rc2 Kb7 42. Ra2 c5 43. bxc5 bxc5 44. Ra5 Kb6 45. Ra8
c4 46. Rc8 Kb5 47. Rc7 Kb4 48. Rxf7 Rf6+ 49. Rxf6 gxf6 0-1

[Event "X Open Alto Sangro A"]
[Site "Castel di Sangro ITA"]
[Date "2010.12.03"]
[Round "1"]
[White "Mazza, Daniele"]
[Black "Laketic, Gojko"]
[Result "0-1"]
[WhiteElo "1827"]
[BlackElo "2459"]
[PlyCount "72"]
[EventDate "2010.12.03"]

1. d4 Nf6 2. c4 e6 3. Nf3 d5 4. Nc3 c6 5. cxd5 exd5 6. Bg5 Bf5 7. e3 Nbd7 8.
Bd3 Bg6 9. O-O Bd6 10. Re1 O-O 11. Bxg6 hxg6 12. e4 dxe4 13. Rxe4 Be7 14. Rh4
Re8 15. Qb3 Qb6 16. Qc2 Nf8 17. Ne5 Ne6 18. Be3 Nd5 19. Rh3 Nxd4 20. Nxg6 fxg6
21. Bxd4 Qxd4 22. Qxg6 Nf6 23. Rd1 Bb4 24. Rhd3 Qg4 25. Qxg4 Nxg4 26. h3 Ne5
27. Rg3 Rad8 28. Rxd8 Rxd8 29. Ne4 Nd3 30. a3 Be7 31. b4 b5 32. Rg6 Rd4 33. Ng3
Rc4 34. Nf5 Bf6 35. Nd6 Rc1+ 36. Kh2 Kh7 0-1

[Event "X Open Alto Sangro A"]
[Site "Castel di Sangro ITA"]
[Date "2010.12.03"]
[Round "1"]
[White "Trifoglio, Giovanni"]
[Black "Naumkin, Igor"]
[Result "0-1"]
[WhiteElo "1896"]
[BlackElo "2506"]
[PlyCount "70"]
[EventDate "2010.12.03"]

1. e4 e6 2. d4 d5 3. e5 c5 4. c3 Nc6 5. Nf3 Qb6 6. Bd3 cxd4 7. cxd4 Bd7 8. O-O
Nxd4 9. Nbd2 Nxf3+ 10. Nxf3 h6 11. Be3 Bc5 12. Bxc5 Qxc5 13. Qb3 Qb6 14. Qa3
Ne7 15. Rac1 a5 16. Qc3 Rc8 17. Qd2 Nc6 18. a3 O-O 19. Bb1 f5 20. exf6 Rxf6 21.
Rfe1 Rcf8 22. Qd3 g6 23. Qd2 g5 24. h3 R8f7 25. Re2 Rxf3 26. gxf3 Nd4 27. Kg2
Nxe2 28. Qxe2 Qd6 29. Re1 Qf4 30. Qe3 Qxe3 31. fxe3 Bc6 32. Kg3 Kg7 33. h4
gxh4+ 34. Kxh4 Rxf3 35. Kg4 Rf2 0-1

[Event "X Open Alto Sangro A"]
[Site "Castel di Sangro ITA"]
[Date "2010.12.03"]
[Round "2"]
[White "Franciosi, Fausto"]
[Black "Bruno, Fabio"]
[Result "0-1"]
[WhiteElo "2017"]
[BlackElo "2465"]
[PlyCount "66"]
[EventDate "2010.12.03"]

1. d4 Nf6 2. c4 e6 3. Nf3 d5 4. Nc3 c6 5. g3 Nbd7 6. Bg2 Be7 7. O-O O-O 8. b3
b6 9. Qc2 Ba6 10. Nd2 Rc8 11. Bb2 c5 12. dxc5 d4 13. c6 Ne5 14. Nb5 d3 15. exd3
Nxc6 16. Bxc6 Rxc6 17. a4 Qd7 18. Nf3 Rcc8 19. Qe2 Qb7 20. d4 Rfe8 21. Ba3 Bxa3
22. Rxa3 Qe7 23. Ra2 Rcd8 24. Re1 Bb7 25. d5 Qc5 26. d6 Qc6 27. Nc7 Rf8 28. Kg2
Rxd6 29. Nb5 Rd7 30. Rc2 a6 31. Na3 Rfd8 32. Nb1 Rd3 33. Nbd2 Rxd2 0-1

[Event "X Open Alto Sangro A"]
[Site "Castel di Sangro ITA"]
[Date "2010.12.03"]
[Round "2"]
[White "Grasso, Nino"]
[Black "Cullen, Anthony P."]
[Result "0-1"]
[WhiteElo "1969"]
[BlackElo "2150"]
[PlyCount "64"]
[EventDate "2010.12.03"]

1. e4 c5 2. d4 e6 3. Nf3 cxd4 4. c3 d3 5. Bxd3 d6 6. O-O Ne7 7. Bg5 h6 8. Bh4
Qc7 9. Na3 a6 10. Nd4 Ng6 11. Bg3 Ne5 12. Be2 g5 13. f4 gxf4 14. Bxf4 Ng6 15.
Bg3 Nc6 16. Kh1 Nce5 17. Bh5 Bd7 18. Nf3 Rh7 19. Nxe5 Nxe5 20. Bxe5 dxe5 21.
Rxf7 Rxf7 22. Qf3 O-O-O 23. Bxf7 Bxa3 24. bxa3 Kb8 25. Qf6 Bc6 26. Bg6 Qd6 27.
h3 Rf8 28. Qg7 Rf4 29. Re1 Ka7 30. Rb1 Qd3 31. Rb3 Qg3 32. Rb1 Bxe4 0-1

[Event "X Open Alto Sangro A"]
[Site "Castel di Sangro ITA"]
[Date "2010.12.03"]
[Round "2"]
[White "Laketic, Gojko"]
[Black "Bottega, Antonio"]
[Result "1-0"]
[WhiteElo "2459"]
[BlackElo "1956"]
[PlyCount "51"]
[EventDate "2010.12.03"]

1. d4 Nf6 2. c4 g6 3. Nc3 Bg7 4. e4 O-O 5. Nf3 d6 6. Be2 Nc6 7. d5 Ne5 8. Nxe5
dxe5 9. Be3 Ne8 10. O-O f5 11. f3 f4 12. Bf2 a5 13. a3 g5 14. c5 Rf6 15. b4 Rh6
16. Qb3 Kh8 17. Rfd1 Nf6 18. Nb5 Ne8 19. Rac1 Raa6 20. d6 cxd6 21. cxd6 Raxd6
22. Nxd6 Nxd6 23. bxa5 Bd7 24. Qc3 Bc6 25. a6 Qa8 26. h3 1-0

[Event "X Open Alto Sangro A"]
[Site "Castel di Sangro ITA"]
[Date "2010.12.03"]
[Round "2"]
[White "Martingano, Giuseppe"]
[Black "Mazza, Daniele"]
[Result "1/2-1/2"]
[WhiteElo "1708"]
[BlackElo "1827"]
[PlyCount "47"]
[EventDate "2010.12.03"]

1. d4 Nf6 2. Bf4 e6 3. e3 c5 4. c3 b6 5. Be2 Bb7 6. Nf3 Nc6 7. Nbd2 d5 8. O-O
Nh5 9. Bg5 Be7 10. Bxe7 Qxe7 11. Bb5 Nf6 12. Ne5 Qc7 13. Qa4 Rc8 14. Qxa7 O-O
15. Bxc6 Bxc6 16. Qxc7 Rxc7 17. a4 c4 18. Nxc6 Rxc6 19. Rfe1 Ra8 20. e4 Nxe4
21. Nxe4 dxe4 22. Rxe4 b5 23. a5 Rca6 24. Re5 1/2-1/2

[Event "X Open Alto Sangro A"]
[Site "Castel di Sangro ITA"]
[Date "2010.12.03"]
[Round "2"]
[White "Naumkin, Igor"]
[Black "Andreoli, Mark"]
[Result "1-0"]
[WhiteElo "2506"]
[BlackElo "1995"]
[PlyCount "87"]
[EventDate "2010.12.03"]

1. d4 c5 2. d5 f5 3. Nc3 Nf6 4. Nf3 g6 5. e4 fxe4 6. Ng5 Bg7 7. Ngxe4 Nxe4 8.
Nxe4 O-O 9. h4 d6 10. h5 Bf5 11. Ng3 Qd7 12. hxg6 hxg6 13. c3 e6 14. dxe6 Qxe6+
15. Be3 d5 16. Nxf5 Rxf5 17. Be2 d4 18. cxd4 cxd4 19. Rc1 Nc6 20. Bc4 Rd5 21.
Kf1 Rad8 22. Bg5 R8d7 23. Qf3 Qf5 24. Qxf5 gxf5 25. Rh3 Kf8 26. Bxd5 Rxd5 27.
Bh6 Rb5 28. Bxg7+ Kxg7 29. Rb3 Rxb3 30. axb3 Kf6 31. Ke2 Ke5 32. Rc5+ Ke6 33.
Kd3 a6 34. g3 Kf6 35. b4 Nxb4+ 36. Kxd4 a5 37. Rb5 Nc6+ 38. Ke3 a4 39. Rxb7 Na5
40. Rb5 Nc4+ 41. Kd4 Nd2 42. Rb4 Ne4 43. Ke3 Nc5 44. Rc4 1-0

[Event "X Open Alto Sangro A"]
[Site "Castel di Sangro ITA"]
[Date "2010.12.03"]
[Round "2"]
[White "Stoja, Rocco"]
[Black "Carannante, Biagio"]
[Result "1-0"]
[WhiteElo "1776"]
[BlackElo "1389"]
[PlyCount "97"]
[EventDate "2010.12.03"]

1. e4 e5 2. Nf3 Nc6 3. d4 Nf6 4. d5 Ne7 5. Bd3 d6 6. h3 h6 7. Be3 Bd7 8. Nc3 a6
9. Qd2 Ng6 10. Ne2 Be7 11. Nh2 c5 12. g4 Nh4 13. Rg1 g5 14. Ng3 Qb6 15. c3 Bd8
16. Nf5 Bxf5 17. gxf5 Qa5 18. f3 b5 19. Bf2 Bb6 20. Bxh4 c4 21. b4 Qa3 22. Rg2
gxh4 23. Be2 a5 24. f4 axb4 25. Bf3 bxc3 26. Qc2 Bd4 27. Ng4 Nxg4 28. Rxg4
O-O-O 29. Be2 Rdg8 30. Rb1 Rxg4 31. hxg4 h3 32. Kf1 Qc5 33. a4 b4 34. fxe5 Bg1
35. Bf3 Qe3 36. Qe2 b3 37. Qxc4+ Qc5 38. Qxc5+ dxc5 39. Rxb3 h2 40. e6 c2 41.
Rc3 fxe6 42. dxe6 Rd8 43. Rxc2 Rd3 44. Bh1 Kd8 45. Rb2 Ke7 46. Rb7+ Ke8 47. e5
c4 48. Bc6+ Kf8 49. e7+ 1-0

[Event "X Open Alto Sangro A"]
[Site "Castel di Sangro ITA"]
[Date "2010.12.03"]
[Round "2"]
[White "Varvaglione, Antonio"]
[Black "Trifoglio, Giovanni"]
[Result "1-0"]
[WhiteElo "1915"]
[BlackElo "1896"]
[PlyCount "63"]
[EventDate "2010.12.03"]

1. e4 c5 2. Nf3 e6 3. d4 cxd4 4. Nxd4 Nc6 5. Nc3 a6 6. Nxc6 bxc6 7. Bd3 d5 8.
O-O Nf6 9. Re1 Bb7 10. Qf3 h6 11. Bf4 Be7 12. Rad1 d4 13. e5 Nd5 14. Nxd5 Qxd5
15. Be4 Qc5 16. Qg3 Kf8 17. h4 g6 18. Rd3 a5 19. Rf3 Ke8 20. Bd2 Rg8 21. Bxh6
a4 22. Qf4 Qb4 23. Rd1 c5 24. Bxb7 Qxb7 25. Qxf7+ Kd7 26. Bg5 Rge8 27. Qxg6
Qxb2 28. Rf7 Qxa2 29. Qh7 Qd5 30. Bxe7 Kc6 31. Bd6 Kb5 32. Rb7+ 1-0

[Event "X Open Alto Sangro A"]
[Site "Castel di Sangro ITA"]
[Date "2010.12.03"]
[Round "2"]
[White "Vena, Alessio"]
[Black "Franciosi, Claudio"]
[Result "1-0"]
[WhiteElo "1884"]
[BlackElo "1686"]
[PlyCount "33"]
[EventDate "2010.12.03"]

1. e4 c5 2. c3 Nc6 3. d4 cxd4 4. cxd4 e6 5. Nf3 Bb4+ 6. Bd2 Nf6 7. Bxb4 Nxb4 8.
a3 Nc6 9. d5 exd5 10. exd5 Qe7+ 11. Be2 Ne5 12. O-O O-O 13. d6 Nxf3+ 14. Bxf3
Qd8 15. Nc3 a6 16. Qd4 Rb8 17. Qa7 1-0

[Event "X Open Alto Sangro A"]
[Site "Castel di Sangro ITA"]
[Date "2010.12.03"]
[Round "2"]
[White "Vena, Antonio"]
[Black "Lamberti, Valerio"]
[Result "1/2-1/2"]
[WhiteElo "1599"]
[BlackElo "1760"]
[PlyCount "91"]
[EventDate "2010.12.03"]

1. e4 e5 2. Nf3 Nc6 3. Bc4 Bc5 4. b4 Bxb4 5. c3 Bc5 6. d4 exd4 7. cxd4 Bb4+ 8.
Nbd2 Nf6 9. O-O Bxd2 10. Bxd2 Nxe4 11. Re1 d5 12. Bd3 O-O 13. Bxe4 dxe4 14.
Rxe4 Bf5 15. Rf4 Bg6 16. Qb3 Rb8 17. d5 Ne7 18. Bb4 Re8 19. Ne5 Qxd5 20. Nxg6
hxg6 21. Bxe7 Qxb3 22. axb3 Rxe7 23. g3 a6 24. Rc1 c6 25. Rd1 Rbe8 26. Rfd4
Re1+ 27. Rxe1 Rxe1+ 28. Kg2 Kf8 29. Rd7 b5 30. Rd6 Rc1 31. Kf3 Rc3+ 32. Ke4
Rxb3 33. Rxc6 a5 34. Kd5 Ke7 35. Rc7+ Kf6 36. Rc6+ Kf5 37. Rc5 a4 38. Kd4+ Kg4
39. Rc7 Kh3 40. Rxf7 Kxh2 41. Rxg7 Kg2 42. Rxg6 Kxf2 43. g4 Rg3 44. g5 a3 45.
Ra6 Rxg5 46. Rxa3 1/2-1/2

[Event "X Open Alto Sangro A"]
[Site "Castel di Sangro ITA"]
[Date "2010.12.04"]
[Round "3"]
[White "Andreoli, Mark"]
[Black "Laketic, Gojko"]
[Result "0-1"]
[WhiteElo "1995"]
[BlackElo "2459"]
[PlyCount "38"]
[EventDate "2010.12.03"]

1. e4 c5 2. d4 cxd4 3. c3 d3 4. Qxd3 Nc6 5. Nf3 d6 6. Na3 Nf6 7. Bg5 a6 8. Nc4
b5 9. Ne3 Bb7 10. Rd1 e6 11. Be2 Qc7 12. O-O Ne5 13. Nxe5 Bxe4 14. Qd2 dxe5 15.
Bxf6 gxf6 16. Ng4 Bg7 17. Qe3 Bg6 18. Nxf6+ Bxf6 19. Qf3 Ke7 0-1

[Event "X Open Alto Sangro A"]
[Site "Castel di Sangro ITA"]
[Date "2010.12.04"]
[Round "3"]
[White "Bottega, Antonio"]
[Black "Franciosi, Fausto"]
[Result "1/2-1/2"]
[WhiteElo "1956"]
[BlackElo "2017"]
[PlyCount "38"]
[EventDate "2010.12.03"]

1. d4 Nf6 2. Bf4 g6 3. Nc3 Bg7 4. e4 d6 5. Qd2 c6 6. f3 b5 7. a3 a6 8. Nge2
Nbd7 9. Rd1 O-O 10. Nc1 e5 11. dxe5 dxe5 12. Bg5 Qe7 13. Nb3 Nc5 14. Nxc5 Qxc5
15. Qd6 Nd7 16. Qxc5 Nxc5 17. Be7 Ne6 18. Bxf8 Bxf8 19. Bd3 Bc5 1/2-1/2

[Event "X Open Alto Sangro A"]
[Site "Castel di Sangro ITA"]
[Date "2010.12.04"]
[Round "3"]
[White "Bruno, Fabio"]
[Black "Varvaglione, Antonio"]
[Result "1-0"]
[WhiteElo "2465"]
[BlackElo "1915"]
[PlyCount "71"]
[EventDate "2010.12.03"]

1. Nf3 Nf6 2. c4 g6 3. g3 Bg7 4. Bg2 d6 5. Nc3 O-O 6. O-O e5 7. d3 Nbd7 8. Rb1
a5 9. a3 c6 10. b4 axb4 11. axb4 d5 12. Qb3 dxc4 13. dxc4 Qc7 14. Na4 b6 15.
Rd1 Ba6 16. Nc3 Rfd8 17. Be3 Bb7 18. h3 Nf8 19. Na4 N6d7 20. Ng5 h6 21. Ne4 Ne6
22. Rxd7 Rxd7 23. Nxb6 Nd4 24. Nxa8 Bxa8 25. Qa2 Qa7 26. Rb2 Qb8 27. Qb1 Ra7
28. Ra2 Bf8 29. Bxd4 exd4 30. Rxa7 Qxa7 31. c5 f5 32. Qb3+ Kg7 33. Nd6 Bxd6 34.
cxd6 Qd7 35. Qa4 Bb7 36. Qa7 1-0

[Event "X Open Alto Sangro A"]
[Site "Castel di Sangro ITA"]
[Date "2010.12.04"]
[Round "3"]
[White "Carannante, Biagio"]
[Black "Trifoglio, Giovanni"]
[Result "0-1"]
[WhiteElo "1389"]
[BlackElo "1896"]
[PlyCount "72"]
[EventDate "2010.12.03"]

1. e4 c5 2. Bc4 e6 3. d3 Nc6 4. Nf3 a6 5. Nc3 Nf6 6. Bg5 Be7 7. O-O h6 8. Bf4
d5 9. Bb3 b5 10. a4 b4 11. Ne2 dxe4 12. dxe4 Nxe4 13. Ne5 Nxe5 14. Bxe5 O-O 15.
Nf4 Bf6 16. Qxd8 Rxd8 17. Bxf6 Nxf6 18. Bc4 Bb7 19. Nd3 Nd7 20. Rae1 Nb6 21. b3
Rac8 22. Re5 Nd7 23. Re3 a5 24. Rfe1 Nb6 25. Bb5 c4 26. Nf4 cxb3 27. cxb3 Nd5
28. Nxd5 Bxd5 29. Ba6 Rc5 30. Rd1 Rd7 31. Bb5 Rdc7 32. h3 Rc3 33. Rb1 Rxe3 34.
fxe3 Rc3 35. e4 Bxe4 36. Bc4 Bxb1 0-1

[Event "X Open Alto Sangro A"]
[Site "Castel di Sangro ITA"]
[Date "2010.12.04"]
[Round "3"]
[White "Cullen, Anthony P."]
[Black "Naumkin, Igor"]
[Result "0-1"]
[WhiteElo "2150"]
[BlackElo "2506"]
[PlyCount "92"]
[EventDate "2010.12.03"]

1. d4 Nf6 2. Nf3 e6 3. c4 b6 4. g3 Bb7 5. Bg2 Be7 6. Nc3 O-O 7. O-O Ne4 8. Qc2
Nxc3 9. Qxc3 f5 10. b3 Bf6 11. Bb2 d6 12. Rad1 a5 13. Qd2 Nd7 14. h4 Qe7 15. e3
Rae8 16. d5 Bxb2 17. Qxb2 e5 18. Ng5 Nc5 19. f4 e4 20. Nh3 Rf6 21. Nf2 Rg6 22.
Kh2 Nd7 23. Bh3 Rf8 24. Rh1 Bc8 25. Bf1 Rh6 26. Kg2 Nf6 27. Be2 Bb7 28. Rdg1
Kh8 29. Kf1 b5 30. Nh3 bxc4 31. bxc4 c6 32. dxc6 Bxc6 33. Qb6 Ba8 34. Qxa5 d5
35. cxd5 Nxd5 36. Kf2 Nb4 37. Rb1 Nd3+ 38. Kg2 Rc6 39. Bd1 h6 40. Bb3 Rc5 41.
Qb6 Bd5 42. Rhd1 Rfc8 43. Rd2 R5c6 44. Qd4 Bxb3 45. axb3 Rd6 46. Rxd3 exd3 0-1

[Event "X Open Alto Sangro A"]
[Site "Castel di Sangro ITA"]
[Date "2010.12.04"]
[Round "3"]
[White "Franciosi, Claudio"]
[Black "Vena, Antonio"]
[Result "0-1"]
[WhiteElo "1686"]
[BlackElo "1599"]
[PlyCount "34"]
[EventDate "2010.12.03"]

1. e4 e5 2. Nf3 Nc6 3. Bb5 Nd4 4. Nxd4 exd4 5. c3 Qg5 6. Bf1 Bc5 7. cxd4 Bxd4
8. Bc4 Qxg2 9. Rf1 Qxe4+ 10. Qe2 Qxe2+ 11. Kxe2 Nf6 12. d3 d5 13. Bb3 O-O 14.
Nc3 Re8+ 15. Kd2 c6 16. Ne2 Bb6 17. Kc2 Rxe2+ 0-1

[Event "X Open Alto Sangro A"]
[Site "Castel di Sangro ITA"]
[Date "2010.12.04"]
[Round "3"]
[White "Lamberti, Valerio"]
[Black "Martingano, Giuseppe"]
[Result "1/2-1/2"]
[WhiteElo "1760"]
[BlackElo "1708"]
[PlyCount "45"]
[EventDate "2010.12.03"]

1. e4 d5 2. exd5 Nf6 3. Bb5+ Bd7 4. Bxd7+ Qxd7 5. c4 c6 6. dxc6 Nxc6 7. Nf3 e5
8. O-O O-O-O 9. Re1 e4 10. Ng5 Re8 11. Nc3 h6 12. Ngxe4 Nxe4 13. Rxe4 Rxe4 14.
Nxe4 Qd3 15. Nc3 Qxc4 16. d4 Qxd4 17. Qxd4 Nxd4 18. Bf4 Nc6 19. Rc1 a6 20. Ne2
Kd7 21. Rd1+ Ke6 22. Nd4+ Nxd4 23. Rxd4 1/2-1/2

[Event "X Open Alto Sangro A"]
[Site "Castel di Sangro ITA"]
[Date "2010.12.04"]
[Round "3"]
[White "Mazza, Daniele"]
[Black "Stoja, Rocco"]
[Result "1/2-1/2"]
[WhiteElo "1827"]
[BlackElo "1776"]
[PlyCount "68"]
[EventDate "2010.12.03"]

1. d4 Nf6 2. c4 g6 3. Nc3 Bg7 4. e4 d6 5. f4 O-O 6. Nf3 Bg4 7. Be2 Nbd7 8. O-O
c6 9. Ng5 Bxe2 10. Qxe2 e5 11. dxe5 dxe5 12. f5 h6 13. Nh3 Qe7 14. Be3 Rfd8 15.
fxg6 fxg6 16. Rf2 Rf8 17. Raf1 Kh7 18. g4 Ng8 19. g5 h5 20. Kh1 a6 21. Ng1 Rxf2
22. Rxf2 Rf8 23. Nf3 Nc5 24. b4 Ne6 25. c5 Nf4 26. Qf1 Ne6 27. Ne2 Qd7 28. Ng3
Rd8 29. Nxe5 Qd1 30. Nc4 Qg4 31. Nd6 Be5 32. Rf7+ Ng7 33. Qe2 Qh3 34. Qg2 Qg4
1/2-1/2

[Event "X Open Alto Sangro A"]
[Site "Castel di Sangro ITA"]
[Date "2010.12.04"]
[Round "3"]
[White "Vena, Alessio"]
[Black "Grasso, Nino"]
[Result "1/2-1/2"]
[WhiteElo "1884"]
[BlackElo "1969"]
[PlyCount "128"]
[EventDate "2010.12.03"]

1. e4 e5 2. Nf3 Nc6 3. Bc4 Nf6 4. Nc3 Be7 5. d3 d6 6. h3 Na5 7. Bb5+ c6 8. Ba4
b5 9. Bb3 Nxb3 10. axb3 Qc7 11. Bg5 O-O 12. O-O h6 13. Bxf6 Bxf6 14. Qe2 b4 15.
Nd1 d5 16. Ne3 Re8 17. exd5 e4 18. dxe4 Rxe4 19. Qd3 Qf4 20. Nc4 Bf5 21. Qd2
cxd5 22. Qxf4 Rxf4 23. Ne3 Be4 24. Nd2 Bxb2 25. Ra2 Bd4 26. Nxe4 Bxe3 27. fxe3
Rxe4 28. Rd1 Rd8 29. Rxa7 Rxe3 30. Rb7 Re2 31. Rxb4 Rxc2 32. Rbd4 Rc5 33. b4
Rb5 34. Kf2 f6 35. Kf3 Kf7 36. g4 Ke6 37. Re1+ Kd6 38. Red1 Rdb8 39. Kg3 Ra8
40. Kf4 g6 41. h4 Ra2 42. Rb1 Rf2+ 43. Kg3 Rc2 44. Kf4 g5+ 45. hxg5 hxg5+ 46.
Kf5 Rf2+ 47. Kg6 Ke5 48. Rd3 Rf4 49. Re1+ Re4 50. Rf1 Rxg4 51. Rxf6 Ke4 52. Rd1
d4 53. Re6+ Kd5 54. Kf5 Rf4+ 55. Kxg5 Rf2 56. Re8 Kc4+ 57. Kg4 Rxb4 58. Kg3 Rf5
59. Rd8 Kc3 60. Rc8+ Kb3 61. Rd3+ Ka4 62. Rd8 Rg5+ 63. Kf4 Rc5 64. R3xd4 Rcc4
1/2-1/2

[Event "X Open Alto Sangro A"]
[Site "Castel di Sangro ITA"]
[Date "2010.12.04"]
[Round "4"]
[White "Franciosi, Claudio"]
[Black "Carannante, Biagio"]
[Result "0-1"]
[WhiteElo "1686"]
[BlackElo "1389"]
[PlyCount "70"]
[EventDate "2010.12.03"]

1. e4 e5 2. Nf3 Nf6 3. Nxe5 Nxe4 4. Qe2 d5 5. d3 Qe7 6. dxe4 Qxe5 7. exd5 Qxe2+
8. Bxe2 Bd6 9. Nc3 Bf5 10. Bd3 Bxd3 11. cxd3 Nd7 12. O-O O-O 13. Be3 Rae8 14.
Nb5 a6 15. Nxd6 cxd6 16. Bf4 Re2 17. Bxd6 Rfe8 18. b4 Nb6 19. f3 Nxd5 20. Rf2
R2e3 21. Rd2 h6 22. Bc5 R3e6 23. a3 Nf4 24. Bf2 Rd6 25. d4 Rd5 26. Re1 Ne6 27.
Re5 Rd6 28. d5 Nc7 29. Rxe8+ Nxe8 30. Bc5 Rd7 31. Kf2 Nf6 32. d6 Ne8 33. Ke3 b6
34. Bxb6 Nxd6 35. Bc5 Nc4+ 0-1

[Event "X Open Alto Sangro A"]
[Site "Castel di Sangro ITA"]
[Date "2010.12.04"]
[Round "4"]
[White "Franciosi, Fausto"]
[Black "Cullen, Anthony P."]
[Result "1-0"]
[WhiteElo "2017"]
[BlackElo "2150"]
[PlyCount "115"]
[EventDate "2010.12.03"]

1. d4 Nf6 2. c4 g6 3. Nc3 Bg7 4. e4 d6 5. Nf3 O-O 6. Be2 Nbd7 7. Bg5 h6 8. Bh4
g5 9. Bg3 Nh5 10. Qd2 c5 11. d5 Re8 12. O-O Nhf6 13. h3 a6 14. Rfe1 Nh7 15. Bf1
Ne5 16. Nxe5 dxe5 17. a3 Nf8 18. b4 b6 19. bxc5 bxc5 20. Na4 Nd7 21. f3 Qc7 22.
Rab1 Bf8 23. Rb2 e6 24. Reb1 Bd6 25. h4 Be7 26. Bf2 Ra7 27. Rd1 exd5 28. cxd5
Qd6 29. Rc2 gxh4 30. Nxc5 Rc7 31. Nxd7 Rxc2 32. Qxc2 Bxd7 33. Rb1 Rc8 34. Qb2
Qxa3 35. Qxa3 Bxa3 36. Bxa6 Rc1+ 37. Rxc1 Bxc1 38. Bxh4 f5 39. Kf2 fxe4 40.
fxe4 Kf7 41. Ke2 Ba3 42. Kd3 Kg6 43. Kc4 Kh5 44. Bf6 Bd6 45. Bb5 Bc8 46. Be8+
Kg4 47. Kb5 Kf4 48. Kc6 Bb4 49. Bg6 Ba6 50. d6 Bf1 51. d7 Ba5 52. d8=Q Bxd8 53.
Bxd8 Bxg2 54. Kd5 Bf3 55. Bf6 h5 56. Bxe5+ Kg5 57. Bf5 h4 58. Bh3 1-0

[Event "X Open Alto Sangro A"]
[Site "Castel di Sangro ITA"]
[Date "2010.12.04"]
[Round "4"]
[White "Grasso, Nino"]
[Black "Bottega, Antonio"]
[Result "1/2-1/2"]
[WhiteElo "1969"]
[BlackElo "1956"]
[PlyCount "140"]
[EventDate "2010.12.03"]

1. e4 g6 2. d4 Bg7 3. Nc3 b6 4. Be3 Bb7 5. Qd2 d6 6. O-O-O Nd7 7. Bc4 e6 8. f3
a6 9. a4 Qe7 10. Nge2 O-O-O 11. Nf4 c5 12. Qe2 cxd4 13. Bxd4 Bxd4 14. Rxd4 Qf6
15. Qd2 Ne5 16. Bb3 Ne7 17. Nce2 N7c6 18. Rxd6 Rxd6 19. Qxd6 Rd8 20. Qa3 Nd4
21. Rd1 Nec6 22. c3 Nxe2+ 23. Nxe2 Qg5+ 24. Kb1 Rxd1+ 25. Bxd1 Qxg2 26. Qf8+
Nd8 27. Nd4 Qxh2 28. Qb4 Qc7 29. Bb3 e5 30. Nc2 h5 31. Ne3 Qc5 32. Qxc5+ bxc5
33. Kc2 Kc7 34. Kd2 Ne6 35. Bc4 f6 36. Ke2 Nf4+ 37. Kf2 g5 38. Nf5 g4 39. Kg3
gxf3 40. Kxf3 Nh3 41. Bd3 Ng5+ 42. Ke3 Ne6 43. b4 cxb4 44. cxb4 Ng5 45. Nh4 Nf7
46. Nf5 Ng5 47. Nh4 Ne6 48. Kf3 Nd4+ 49. Kg3 Kd6 50. Ng6 Ne6 51. Nh4 Ng5 52.
Nf5+ Kd7 53. Kh4 Nxe4 54. Kxh5 Nc3 55. b5 axb5 56. axb5 e4 57. Bc4 Bd5 58. Bf1
Bf7+ 59. Kh4 Be6 60. Ne3 Kd6 61. Kg3 Kc5 62. Kf4 Nxb5 63. Kxe4 Nd6+ 64. Kf4 Nf7
65. Ng4 Bxg4 66. Kxg4 Nd6 67. Kf4 Kd4 68. Bh3 Kd5 69. Bg4 Kd4 70. Bh3 Kd5
1/2-1/2

[Event "X Open Alto Sangro A"]
[Site "Castel di Sangro ITA"]
[Date "2010.12.04"]
[Round "4"]
[White "Laketic, Gojko"]
[Black "Bruno, Fabio"]
[Result "1/2-1/2"]
[WhiteElo "2459"]
[BlackElo "2465"]
[PlyCount "26"]
[EventDate "2010.12.03"]

1. d4 d5 2. c4 c6 3. cxd5 cxd5 4. Nc3 Nc6 5. Nf3 Nf6 6. Bf4 Bf5 7. e3 e6 8. Bd3
Bxd3 9. Qxd3 Bd6 10. Bxd6 Qxd6 11. O-O O-O 12. Rac1 Rac8 13. Qe2 Qe7 1/2-1/2

[Event "X Open Alto Sangro A"]
[Site "Castel di Sangro ITA"]
[Date "2010.12.04"]
[Round "4"]
[White "Mazza, Daniele"]
[Black "Lamberti, Valerio"]
[Result "1/2-1/2"]
[WhiteElo "1827"]
[BlackElo "1760"]
[PlyCount "44"]
[EventDate "2010.12.03"]

1. d4 Nf6 2. c4 e6 3. Nf3 Bb4+ 4. Nbd2 d5 5. a3 Bxd2+ 6. Bxd2 O-O 7. Bg5 h6 8.
Bh4 Nc6 9. e3 Re8 10. Ne5 g5 11. Bg3 Nxe5 12. Bxe5 Nd7 13. Qh5 Nxe5 14. dxe5
Kg7 15. Rd1 c6 16. h4 Rh8 17. Rh3 f5 18. exf6+ Qxf6 19. Bd3 Bd7 20. hxg5 hxg5
21. Qg4 Rxh3 22. Qxh3 Kf7 1/2-1/2

[Event "X Open Alto Sangro A"]
[Site "Castel di Sangro ITA"]
[Date "2010.12.04"]
[Round "4"]
[White "Naumkin, Igor"]
[Black "Varvaglione, Antonio"]
[Result "1-0"]
[WhiteElo "2506"]
[BlackElo "1915"]
[PlyCount "61"]
[EventDate "2010.12.03"]

1. d4 Nf6 2. c4 g6 3. Nc3 Bg7 4. e4 d6 5. Nf3 O-O 6. Be2 e5 7. O-O Nc6 8. d5
Ne7 9. b4 Nh5 10. Re1 f5 11. Ng5 Nf6 12. Bf3 f4 13. c5 h6 14. Ne6 Bxe6 15. dxe6
dxc5 16. Qb3 Kh8 17. Rd1 Qc8 18. Bb2 Nc6 19. Nd5 Qxe6 20. Nxf4 Qxb3 21. Nxg6+
Kg8 22. axb3 Rfe8 23. bxc5 Nd4 24. Bxd4 exd4 25. e5 Nd7 26. Bxb7 Rab8 27. Bc6
Red8 28. e6 Nxc5 29. e7 Nxb3 30. e8=Q+ Rxe8 31. Rxa7 1-0